| 000 | 00439cam a22001337a 4500 | ||
|---|---|---|---|
| 008 | 180718b1979 xxu||||| |||| 00| 0 eng d | ||
| 082 | _aY9x54 A151a | ||
| 100 | _aAll India Symposium on Drought Prone Areas of India | ||
| 245 |
_aProceedings _cby All India Sympopsium on Drought Prone Areas of Idnia |
||
| 260 |
_aTirupati _bRayalaseema Geographical Society _c1979 |
||
| 300 | _a519p. | ||
| 650 | _aDrought-India | ||
| 700 | _aReddy, N. B. K. | ||
| 999 |
_c341110 _d341110 |
||